=LDR 00000nam 2200000 4500 =001 INLIS000000000025590 =005 20130612124104 =008 ***********************************ind** =035 ##$$a0010-061300000025590 =041 ##$$a ind =082 ##$$a 624.150 76 =090 ##$$a 624.150 76, HAR p =100 ##$$a Hardiyatmo, Hary Christady =245 ##$$a Prinsip-prinsip Mekanika tanah dan soal-penyelesaian 1, Hary Christady hardiyatmo =260 ##$$a 2001 $b Yogyakarta =300 ##$$a vi, 160 hlm., ilus., 23 cm =650 ##$$a Mekanika Tanah =850 ##$$a NBPNMAT =990 ##$$a 21400416/BPAP-NTB/2014 =990 ##$$a 0001/BPAP-NTB/20142014 =990 ##$$a 27902790 =990 ##$$a 1038389 =990 ##$$a 21400416/BPAP-NTB/2014 =990 ##$$a 0001/BPAP-NTB/20142014